| 000 | 00686 a2200169 4500 | ||
|---|---|---|---|
| 020 | _a1860940242 | ||
| 020 | _a9781860940248 | ||
| 082 | 0 | 4 | _a515.353 |
| 090 |
_c516 _d516 |
||
| 100 | 1 | _aStephenson, G. | |
| 245 | 1 | 0 |
_aPartial differential equations for scientists and engineers / _cG. Stephenson. |
| 260 |
_a[S.l.] : _bWorld Scientific Pub Co Inc, _c1970. |
||
| 300 |
_a161 p. ; _c12 cm. |
||
| 942 |
_aSNS _cBK _k515.353 STE |
||
| 999 |
_c29147 _d29147 |
||